| 000 | 00452nam a2200109Ia 4500 | ||
|---|---|---|---|
| 008 | 171204s9999 xx 000 0 und d | ||
| 245 | 4 | _aThe Worlds Of Farscape: Essays On The Groundbreaking Television Series: (Critical Explorations in Science Fiction and Fantasy) | |
| 245 | _cC. W. Sullivan III, Donald E. Palumbo, and Sherry Ginn | ||
| 260 | _c2013 | ||
| 650 | _xTV PRODUCTION AND DIRECTION | ||
| 856 | _uhttp://down.ebook777.com/025/9780786467907.pdf | ||
| 999 |
_c346191 _d346191 |
||